| 000 | 00767nmc a2200301 a 4500 | ||
|---|---|---|---|
| 003 | AR-BaBNM | ||
| 005 | 20251128202651.0 | ||
| 008 | 045020s2000 ||||||||||||||000 | spa|| | ||
| 020 | _a950-07-1845-6 | ||
| 040 | _cAR-BaBNM | ||
| 100 | 1 | _aMonkman, Olga | |
| 245 | 1 | 0 | _aLo que cuentan los inuit |
| 260 |
_aBuenos Aires _bSudamericana _c2000 |
||
| 300 | 0 |
_a62 p. _bil. |
|
| 490 | 0 | _aCuentamérica | |
| 500 | 0 | _aA partir de los 9 años | |
| 650 | 4 | _aCUENTOS FOLKLORICOS | |
| 650 | 4 | _aLEYENDAS | |
| 650 | 4 | _aESQUIMALES | |
| 650 | 4 | _aCOSTUMBRES Y TRADICIONES | |
| 650 | 4 | _aLITERATURA INFANTIL | |
| 651 | 4 | _aAmérica | |
| 653 | 0 | _aLITERATURA REGIONAL | |
| 655 | _aLITERATURA | ||
| 700 | 1 |
_aSacafati, Luis _eilustrador |
|
| 942 | _cBK | ||
| 998 | _cme-solo cat | ||
| 999 |
_c43 _d43 |
||